[Event "GBR-ch 91st"]
[Site "Scarborough"]
[Date "2004.08.13"]
[Round "11.5"]
[White "Gwaze, Robert"]
[Black "Ledger, Andrew J"]
[Result "1-0"]
[WhiteElo "2376"]
[BlackElo "2452"]
[PlyCount "66"]
[EventDate "2004.08.02"]
[EventType "swiss"]
[EventRounds "11"]
[EventCountry "GBR"]

1. e4 e6 2. d4 d5 3. e5 c5 4. c3 Nc6 5. Nf3 Bd7 6. Be2 f6 7. O-O Qc7 8. Re1
fxe5 9. Nxe5 Nxe5 10. dxe5 O-O-O 11. c4 d4 12. Bf4 Ne7 13. Bd3 h6 14. h4 g6 15.
Nd2 Bg7 16. b4 cxb4 17. a3 Rdf8 18. Bg3 b3 19. Nxb3 Ba4 20. Rb1 g5 21. Qg4 Nf5
22. h5 Nxg3 23. fxg3 Kb8 24. Nxd4 Qd7 25. Kh2 Rf2 26. Be4 b6 27. Bf3 Rd2 28.
Nxe6 Rc8 29. Nxg7 Qxg7 30. c5 Bc6 31. cxb6 a6 32. Rbc1 Bd7 33. Qe4 Rh8 1-0

[Event "GBR-ch 91st"]
[Site "Scarborough"]
[Date "2004.08.13"]
[Round "11.7"]
[White "Haslinger, Stewart"]
[Black "Ward, Chris"]
[Result "1/2-1/2"]
[WhiteElo "2408"]
[BlackElo "2490"]
[PlyCount "123"]
[EventDate "2004.08.02"]
[EventType "swiss"]
[EventRounds "11"]
[EventCountry "GBR"]

1. e4 c5 2. Nf3 d6 3. d4 cxd4 4. Nxd4 Nf6 5. Nc3 g6 6. Be3 Bg7 7. f3 a6 8. Qd2
Nbd7 9. O-O-O b5 10. g4 Bb7 11. g5 Nh5 12. Nce2 Rc8 13. Bh3 O-O 14. Bg4 Ne5 15.
Bxc8 Qxc8 16. Ng3 Nc4 17. Qd3 Nxg3 18. hxg3 Qc5 19. Rh2 Nxe3 20. Qxe3 e5 21. b4
exd4 22. bxc5 dxe3 23. cxd6 Rd8 24. Re2 Bf8 25. Rxe3 Rxd6 26. Red3 Rxd3 27.
Rxd3 Bc8 28. Rd8 Be6 29. Ra8 Bxa2 30. Rxa6 Be6 31. Rc6 h6 32. gxh6 Bxh6+ 33.
Kd1 Bg7 34. Ke2 Bd4 35. f4 Bc4+ 36. Kf3 Kg7 37. g4 g5 38. fxg5 Be6 39. Kf4 Bb2
40. Rb6 Bc1+ 41. Kg3 Bc4 42. Kh4 Be3 43. Rc6 Bf1 44. Rf6 Bg2 45. Rf5 b4 46. Re5
Kg6 47. Kg3 Bf1 48. Rf5 Bc4 49. Kh4 Bd4 50. Kg3 Bc3 51. Kf3 Ba2 52. Ke3 Be6 53.
Rb5 Bxg4 54. Kd3 Be6 55. Ra5 Kh5 56. Rb5 Kg4 57. Ke3 Bc4 58. Rc5 Ba2 59. Rf5
Be6 60. Rb5 Bc4 61. Rc5 Be6 62. Rb5 1/2-1/2

[Event "GBR-ch 91st"]
[Site "Scarborough"]
[Date "2004.08.13"]
[Round "11.9"]
[White "Hanley, Craig A"]
[Black "Knott, Simon"]
[Result "0-1"]
[WhiteElo "2356"]
[BlackElo "2359"]
[PlyCount "100"]
[EventDate "2004.08.02"]
[EventType "swiss"]
[EventRounds "11"]
[EventCountry "GBR"]

1. e4 e6 2. d4 d5 3. Nc3 Bb4 4. e5 c5 5. Bd2 Ne7 6. f4 Nf5 7. Nf3 cxd4 8. Nb5
Ne3 9. Qc1 Bc5 10. b4 Be7 11. Nbxd4 Nxf1 12. Rxf1 Nc6 13. a3 O-O 14. Qb2 Nxd4
15. Nxd4 Bd7 16. f5 Qc7 17. Bf4 Qc4 18. O-O-O exf5 19. Rf3 Rfc8 20. Bd2 g6 21.
Rdf1 Be6 22. Rf4 Qc7 23. Nb5 Qd7 24. Nd6 Rc7 25. g4 fxg4 26. Nxf7 Bxf7 27. Rxf7
Qe6 28. Qd4 Bc5 29. bxc5 Rxf7 30. Rxf7 Kxf7 31. Bg5 Rc8 32. Bf6 b6 33. Qd2 Kg8
34. cxb6 axb6 35. c3 Qc6 36. Kb2 Qb5+ 37. Kc2 Qa4+ 38. Kb2 Qb5+ 39. Kc2 Qa4+
40. Kb2 Qe4 41. Qf2 Qf3 42. Qd2 b5 43. Bg5 Qe4 44. Bf6 Rc7 45. Qf2 Qf3 46. Qd2
Rc4 47. Be7 Qe4 48. Qf2 Qf4 49. Qb6 Qd2+ 50. Kb1 Qd3+ 0-1

[Event "GBR-ch 91st"]
[Site "Scarborough"]
[Date "2004.08.13"]
[Round "11.10"]
[White "Sherwin, James"]
[Black "Quinn, Mark"]
[Result "1/2-1/2"]
[WhiteElo "2303"]
[BlackElo "2406"]
[PlyCount "39"]
[EventDate "2004.08.02"]
[EventType "swiss"]
[EventRounds "11"]
[EventCountry "GBR"]

1. d4 e6 2. e4 d5 3. Nd2 c5 4. exd5 Qxd5 5. Ngf3 cxd4 6. Bc4 Qd6 7. O-O Nf6 8.
Nb3 Nc6 9. Nbxd4 Nxd4 10. Qxd4 Qxd4 11. Nxd4 a6 12. Bf4 Bd7 13. Rad1 Rc8 14.
Be2 Nd5 15. Bg3 Bc5 16. c4 Ne7 17. Nb3 Ba4 18. Rd3 Bxb3 19. Rxb3 b6 20. Bf3
1/2-1/2

[Event "GBR-ch 91st"]
[Site "Scarborough"]
[Date "2004.08.13"]
[Round "11.12"]
[White "Radovanovic, Jovica"]
[Black "Houska, Jovanka"]
[Result "1-0"]
[WhiteElo "2189"]
[BlackElo "2375"]
[PlyCount "81"]
[EventDate "2004.08.02"]
[EventType "swiss"]
[EventRounds "11"]
[EventCountry "GBR"]

1. e4 c6 2. d4 d5 3. Nc3 dxe4 4. Nxe4 Bf5 5. Ng3 Bg6 6. h4 h6 7. Nf3 Nd7 8. h5
Bh7 9. Bd3 Bxd3 10. Qxd3 e6 11. Bf4 Ngf6 12. O-O-O Nd5 13. Bd2 Nb4 14. Qb3 a5
15. Kb1 Be7 16. Ne4 b5 17. Ne5 Nf6 18. Nxf6+ gxf6 19. Bxb4 axb4 20. Nxc6 Qd6
21. d5 e5 22. Rhe1 Rg8 23. f4 Kf8 24. Qf3 Rg7 25. Re4 f5 26. Rxe5 Bh4 27. Qh3
Bf2 28. Qxf5 Rxg2 29. Re7 Rg7 30. Rd7 Qc5 31. Ne5 Kg8 32. Rxf7 Ra7 33. Rxa7
Qxa7 34. d6 Qd4 35. Qd3 Qxd3 36. Nxd3 Bg3 37. Rg1 Kf7 38. d7 Ke7 39. Ne5 Kd8
40. Rd1 Bh4 41. Nc6+ 1-0

[Event "GBR-ch 91st"]
[Site "Scarborough"]
[Date "2004.08.13"]
[Round "11.13"]
[White "Dearing, Eddie"]
[Black "Snape, Ian"]
[Result "1-0"]
[WhiteElo "2393"]
[BlackElo "2228"]
[PlyCount "79"]
[EventDate "2004.08.02"]
[EventType "swiss"]
[EventRounds "11"]
[EventCountry "GBR"]

1. d4 Nf6 2. c4 g6 3. Nc3 Bg7 4. e4 d6 5. h3 O-O 6. Bg5 h6 7. Be3 c5 8. d5 e6
9. Nf3 exd5 10. cxd5 b5 11. e5 dxe5 12. Bxc5 Re8 13. Bxb5 Bd7 14. Be2 e4 15.
Nd2 Bf5 16. Nc4 Nbd7 17. Bd4 Nb6 18. Nxb6 axb6 19. O-O Ra5 20. b4 Ra3 21. Qc1
Ra8 22. Rd1 Qd6 23. Nb5 Qxb4 24. a3 Qb3 25. Rb1 Qa4 26. Rb4 Qa5 27. Qb2 e3 28.
Bxf6 exf2+ 29. Kxf2 Rac8 30. Rd2 Bxf6 31. Qxf6 Re4 32. Qb2 Rce8 33. Rxe4 Rxe4
34. Rd4 Qa8 35. Rxe4 Bxe4 36. Nc7 Qd8 37. Qe5 f5 38. Ne6 Qe7 39. d6 Qb7 40. Bc4
1-0

[Event "GBR-ch 91st"]
[Site "Scarborough"]
[Date "2004.08.13"]
[Round "11.14"]
[White "Sowray, Peter J"]
[Black "Lee, Graham D"]
[Result "1-0"]
[WhiteElo "2349"]
[BlackElo "2316"]
[PlyCount "143"]
[EventDate "2004.08.02"]
[EventType "swiss"]
[EventRounds "11"]
[EventCountry "GBR"]

1. e4 e6 2. d4 d5 3. Nc3 dxe4 4. Nxe4 Bd7 5. Nf3 Bc6 6. Bd3 Nd7 7. O-O Ngf6 8.
Ned2 Be7 9. Nc4 O-O 10. Na5 Bxf3 11. Qxf3 c6 12. Nc4 Nb6 13. Rd1 Nxc4 14. Bxc4
Qb6 15. Bb3 a5 16. c3 Rfd8 17. Bg5 h6 18. Bh4 a4 19. Bc4 Rd7 20. Rd2 Rad8 21.
Qe2 Nd5 22. Bxe7 Nxe7 23. a3 Nd5 24. Rad1 Qc7 25. g3 Nf6 26. Rd3 g6 27. Re1 Kg7
28. Rf3 Nd5 29. Qc2 b5 30. Bd3 Nf6 31. Qe2 Rd5 32. Bb1 Re8 33. Ba2 Rd7 34. Re3
Red8 35. Re5 Rd6 36. Qf3 Nd7 37. R5e4 Nf6 38. Re5 Nd7 39. R5e3 Nf6 40. Qe2 R6d7
41. Re5 Rd6 42. Re3 R6d7 43. Re5 Rd6 44. h4 Nd7 45. Re3 h5 46. Rd3 Rb8 47. Qe4
Qd8 48. Rf3 Rb7 49. Kg2 Qe7 50. Ree3 Kg8 51. Qf4 Nb6 52. Qh6 Nc4 53. Re4 Qf8
54. Qf4 Rb8 55. Re2 Rd5 56. Bb1 Nd6 57. Qf6 Ne8 58. Qf4 Nd6 59. Re5 Nc4 60. Rg5
Rxg5 61. Qxg5 Qg7 62. Rf6 Nxb2 63. Bxg6 Rb7 64. Bxf7+ Rxf7 65. Rg6 Nc4 66.
Rxg7+ Rxg7 67. Qxh5 Nxa3 68. Qe8+ Kh7 69. Qxc6 Kh6 70. Qc5 Nc2 71. Qxb5 a3 72.
Qa4 1-0

[Event "GBR-ch 91st"]
[Site "Scarborough"]
[Date "2004.08.13"]
[Round "11.16"]
[White "Gregory, Stephen J"]
[Black "Tan, Desmond"]
[Result "0-1"]
[WhiteElo "2180"]
[BlackElo "2335"]
[PlyCount "94"]
[EventDate "2004.08.02"]
[EventType "swiss"]
[EventRounds "11"]
[EventCountry "GBR"]

1. e4 c5 2. Nf3 d6 3. d4 cxd4 4. Qxd4 a6 5. Bc4 Nc6 6. Qd2 Nf6 7. Nc3 Bg4 8.
Nd4 g6 9. h3 Bd7 10. Nxc6 Bxc6 11. Qf4 Bg7 12. O-O O-O 13. Qh4 Rc8 14. Bb3 b5
15. Bg5 Qb6 16. Rad1 Qb7 17. Rfe1 a5 18. Bd5 Bxd5 19. Nxd5 Nxd5 20. exd5 f6 21.
Bd2 Rc4 22. Qg3 Rxc2 23. Qb3 Rc4 24. Bxa5 f5 25. Bd2 f4 26. Bc3 Bxc3 27. bxc3
Rfc8 28. Rd3 R8c5 29. Kh2 Kf8 30. Qd1 Qd7 31. Rf3 Qf5 32. Qe2 Qf6 33. Qd2 g5
34. Re6 Qf5 35. Qe1 Rc7 36. Qd2 h5 37. Rd3 g4 38. g3 gxh3 39. Rf3 fxg3+ 40.
Rxg3 Rf4 41. Re2 Rcc4 42. Qe3 Rce4 43. Qb6 Kf7 44. Rd2 h4 45. Rxh3 Rf3 46. Rxf3
Qxf3 47. Rd4 Qxf2+ 0-1

[Event "GBR-ch 91st"]
[Site "Scarborough"]
[Date "2004.08.13"]
[Round "11.17"]
[White "Howell, David W"]
[Black "Adams, David M"]
[Result "1-0"]
[WhiteElo "2334"]
[BlackElo "2180"]
[PlyCount "71"]
[EventDate "2004.08.02"]
[EventType "swiss"]
[EventRounds "11"]
[EventCountry "GBR"]

1. e4 e5 2. Nf3 Nf6 3. Nxe5 d6 4. Nf3 Nxe4 5. d4 d5 6. Bd3 Nc6 7. O-O Be7 8. c4
Nf6 9. h3 O-O 10. Nc3 Be6 11. c5 b6 12. Qa4 Na5 13. Ne5 Nd7 14. Nxd7 Bxd7 15.
Qc2 Nc6 16. cxb6 Nxd4 17. bxc7 Qxc7 18. Bxh7+ Kh8 19. Qd3 Bc5 20. Be3 Qe5 21.
Rad1 Ne6 22. Bxc5 Nxc5 23. Qxd5 Qxd5 24. Rxd5 Kxh7 25. Rxc5 Rfb8 26. Rd1 Be6
27. Rd2 a5 28. a3 a4 29. Rb5 Rc8 30. Rb4 Rc5 31. Rxa4 Rb8 32. Kh2 g5 33. Rad4
Re5 34. Re4 Rf5 35. Re3 Rb7 36. Na4 1-0

[Event "GBR-ch 91st"]
[Site "Scarborough"]
[Date "2004.08.13"]
[Round "11.18"]
[White "Taylor, Martin R"]
[Black "Sisask, Jesper"]
[Result "1/2-1/2"]
[WhiteElo "2331"]
[BlackElo "2057"]
[PlyCount "22"]
[EventDate "2004.08.02"]
[EventType "swiss"]
[EventRounds "11"]
[EventCountry "GBR"]

1. c4 e5 2. g3 Nf6 3. Bg2 d5 4. cxd5 Nxd5 5. Nf3 Nc6 6. O-O Nb6 7. d3 Be7 8. a3
a5 9. Nbd2 O-O 10. b3 Be6 11. Bb2 f6 1/2-1/2

[Event "GBR-ch 91st"]
[Site "Scarborough"]
[Date "2004.08.13"]
[Round "11.19"]
[White "Ledger, David J"]
[Black "Hutchinson, Norman A"]
[Result "1/2-1/2"]
[WhiteElo "2285"]
[BlackElo "2176"]
[PlyCount "62"]
[EventDate "2004.08.02"]
[EventType "swiss"]
[EventRounds "11"]
[EventCountry "GBR"]

1. e4 c6 2. d4 d5 3. Nc3 dxe4 4. Nxe4 Bf5 5. Ng3 Bg6 6. Nf3 Nd7 7. h4 h6 8. h5
Bh7 9. Bd3 Bxd3 10. Qxd3 e6 11. Bf4 Ngf6 12. Ne4 Nxe4 13. Qxe4 Qa5+ 14. Bd2 Qa6
15. Ne5 Rd8 16. Ng6 Nf6 17. Qe3 Nd5 18. Qe5 fxg6 19. Qxe6+ Ne7 20. hxg6 Qb5 21.
O-O-O Qd5 22. Qg4 Qxa2 23. Bb4 Qd5 24. Rh5 Qc4 25. Ba5 Rd6 26. Re1 b6 27. Bb4
Rd7 28. Bxe7 Bxe7 29. Rxe7+ Kxe7 30. Qh4+ Kd6 31. Qf4+ Ke7 1/2-1/2

[Event "GBR-ch 91st"]
[Site "Scarborough"]
[Date "2004.08.13"]
[Round "11.22"]
[White "Storey, Charles"]
[Black "Mycroft, Richard"]
[Result "0-1"]
[WhiteElo "2217"]
[BlackElo "2110"]
[PlyCount "60"]
[EventDate "2004.08.02"]
[EventType "swiss"]
[EventRounds "11"]
[EventCountry "GBR"]

1. e4 g6 2. d4 Bg7 3. Nc3 c6 4. f4 d5 5. e5 Nh6 6. Nf3 f6 7. h3 O-O 8. g4 fxe5
9. dxe5 Nf7 10. g5 Qc7 11. Qe2 Nd8 12. Bd2 b5 13. Bg2 Ne6 14. O-O-O Nxf4 15.
Bxf4 Rxf4 16. Qd2 Rf7 17. Rde1 b4 18. Nd1 a5 19. Nf2 Bf5 20. Ng4 Bxg4 21. hxg4
e6 22. Qd3 Nd7 23. Rxh7 Kxh7 24. Rh1+ Kg8 25. Qxg6 Nxe5 26. Qh7+ Kf8 27. Nh4
Ke7 28. Rf1 Rh8 29. Rxf7+ Kxf7 30. g6+ Kf8 0-1

[Event "GBR-ch 91st"]
[Site "Scarborough"]
[Date "2004.08.13"]
[Round "11.23"]
[White "Spence, David J"]
[Black "Nixon, Thomas"]
[Result "1/2-1/2"]
[WhiteElo "2236"]
[BlackElo "2198"]
[PlyCount "20"]
[EventDate "2004.08.02"]
[EventType "swiss"]
[EventRounds "11"]
[EventCountry "GBR"]

1. e4 e5 2. Nf3 Nc6 3. Bc4 Nf6 4. Ng5 d5 5. exd5 Na5 6. Bb5+ c6 7. dxc6 bxc6 8.
Be2 h6 9. Nh3 g5 10. Nc3 Qd4 1/2-1/2

[Event "GBR-ch 91st"]
[Site "Scarborough"]
[Date "2004.08.13"]
[Round "11.24"]
[White "Hutchinson, Paul A"]
[Black "Burrows, Martin"]
[Result "1/2-1/2"]
[WhiteElo "2216"]
[BlackElo "2226"]
[PlyCount "141"]
[EventDate "2004.08.02"]
[EventType "swiss"]
[EventRounds "11"]
[EventCountry "GBR"]

1. d4 e6 2. e4 d5 3. e5 c5 4. c3 Nc6 5. f4 cxd4 6. cxd4 Qb6 7. Nf3 Nge7 8. Nc3
Nf5 9. Ne2 h5 10. g3 Bd7 11. Bg2 Be7 12. Kf2 Rc8 13. a3 Na5 14. b4 Nc4 15. Bh3
g6 16. Bxf5 gxf5 17. Qd3 a5 18. Bd2 Nxd2 19. Qxd2 axb4 20. Rhb1 Bb5 21. axb4
Kd7 22. Nc3 Ra8 23. Qb2 Bd3 24. Rd1 Rxa1 25. Qxa1 Be4 26. Qa4+ Qc6 27. Rc1 Qxa4
28. Nxa4 Rb8 29. Nb6+ Ke8 30. b5 Bd8 31. Nc8 Ra8 32. Nd6+ Kd7 33. Re1 Be7 34.
Nxb7 Rb8 35. Nc5+ Bxc5 36. dxc5 Rxb5 37. Ng5 Rxc5 38. Nxf7 Rc2+ 39. Re2 Rxe2+
40. Kxe2 Ke7 41. Ng5 Bb1 42. Ke3 Bc2 43. Ke2 Be4 44. Ke3 Bc2 45. Nf3 Bd1 46.
Nd4 Ba4 47. Ne2 Bd1 48. Nc3 Bg4 49. Kf2 Bh3 50. Ke3 Bg4 51. Kd4 Bf3 52. Kc5 Be4
53. Nb5 Bc2 54. Nd4 Ba4 55. Kb6 Kd7 56. Nf3 Bd1 57. Ne1 Be2 58. Nc2 Bd1 59. Nb4
Ba4 60. Nd3 Ke7 61. Nc5 Be8 62. Ka5 Bc6 63. Nd3 Be8 64. Ne1 Bd7 65. Nf3 Be8 66.
Ng5 Bf7 67. Nh7 Bg6 68. Nf6 Bf7 69. Kb4 Be8 70. Kc5 Bf7 71. Nh7 1/2-1/2

[Event "GBR-ch 91st"]
[Site "Scarborough"]
[Date "2004.08.13"]
[Round "11.25"]
[White "Clarke, Thomas"]
[Black "Briscoe, Christopher"]
[Result "0-1"]
[WhiteElo "2132"]
[BlackElo "2157"]
[PlyCount "106"]
[EventDate "2004.08.02"]
[EventType "swiss"]
[EventRounds "11"]
[EventCountry "GBR"]

1. d4 c5 2. d5 f5 3. Nc3 Nf6 4. Bg5 Qb6 5. d6 Qxb2 6. Bxf6 exf6 7. Nd5 Bxd6 8.
Nf3 Be5 9. Nxe5 Qxe5 10. f4 Qd6 11. e3 Nc6 12. Qf3 O-O 13. Rd1 Ne7 14. Bc4 Kh8
15. O-O Rb8 16. a4 b6 17. e4 fxe4 18. Qxe4 Nxd5 19. Bxd5 f5 20. Qf3 Qf6 21.
Rfe1 Ba6 22. Qe3 Bb7 23. Bxb7 Rxb7 24. Qe7 Qxe7 25. Rxe7 Rd8 26. Rd5 Kg8 27.
Rxf5 Rf8 28. Rg5 g6 29. g3 Rf7 30. Re8+ Kg7 31. c4 Rf5 32. Rxf5 gxf5 33. Re7+
Kg6 34. Kg2 h6 35. Kh3 a6 36. Kh4 b5 37. axb5 axb5 38. cxb5 Kf6 39. Rh7 c4 40.
Rxh6+ Ke7 41. Rh8 Rxb5 42. Rc8 d5 43. Kg5 Kd7 44. Ra8 d4 45. h4 d3 46. Ra1 d2
47. h5 c3 48. h6 c2 49. h7 Rb8 50. Ra7+ Kc6 51. Ra6+ Kb5 52. Ra3 Kb4 53. Ra7
Rh8 0-1

[Event "GBR-ch 91st"]
[Site "Scarborough"]
[Date "2004.08.13"]
[Round "11.26"]
[White "Martyn, Rafe"]
[Black "Surtees, Michael"]
[Result "1/2-1/2"]
[WhiteElo "2322"]
[BlackElo "2239"]
[PlyCount "91"]
[EventDate "2004.08.02"]
[EventType "swiss"]
[EventRounds "11"]
[EventCountry "GBR"]

1. d4 c6 2. c4 f6 3. e4 e5 4. Nf3 d6 5. Nc3 g6 6. Be2 Nh6 7. O-O Nf7 8. Qc2 Bg4
9. Rd1 Nd7 10. a3 Bg7 11. Be3 Qe7 12. Rac1 O-O 13. b4 f5 14. dxe5 dxe5 15. Rb1
f4 16. Bc1 Bxf3 17. Bxf3 Ng5 18. Be2 Ne6 19. f3 Nd4 20. Qd2 Rfd8 21. c5 Kh8 22.
Kh1 Nf8 23. Qe1 g5 24. Bc4 Ng6 25. Bb2 Rd7 26. Qf2 Rad8 27. Ne2 Nc2 28. Rxd7
Qxd7 29. Nc3 Ne3 30. Bf1 g4 31. fxg4 Nxg4 32. Qe2 Ne3 33. Bc1 Qd4 34. Bxe3 Qxc3
35. Bf2 Rd2 36. Qe1 f3 37. Be3 fxg2+ 38. Bxg2 Rd3 39. Qxc3 Rxc3 40. Bg5 h6 41.
Bd2 Rxa3 42. Bf1 Nh4 43. Be1 Nf3 44. b5 Ra2 45. Bg2 Nd2 46. bxc6 1/2-1/2

[Event "GBR-ch 91st"]
[Site "Scarborough"]
[Date "2004.08.13"]
[Round "11.27"]
[White "Westwood, Richard"]
[Black "Pym, Thomas"]
[Result "0-1"]
[WhiteElo "2030"]
[BlackElo "2059"]
[PlyCount "70"]
[EventDate "2004.08.02"]
[EventType "swiss"]
[EventRounds "11"]
[EventCountry "GBR"]

1. e4 c5 2. Nc3 d6 3. Bc4 g6 4. d3 Bg7 5. Qf3 e6 6. Nge2 a6 7. a4 Nc6 8. O-O h5
9. Bb3 Bd7 10. Bf4 Qe7 11. Qg3 h4 12. Qe3 Nd4 13. Qd2 h3 14. Nxd4 cxd4 15. Ne2
hxg2 16. Rfe1 Bh6 17. Kxg2 e5 18. Bxh6 Nxh6 19. Rh1 Qh4 20. h3 Ng8 21. Ng3
Bxh3+ 22. Kg1 Nf6 23. Qb4 O-O-O 24. Qc4+ Kb8 25. Qxf7 Ng4 26. Bd5 Rh7 27. Qxg6
Nxf2 28. Kxf2 Qf4+ 29. Ke1 Bg4 30. Qxh7 Qxg3+ 31. Kf1 Rf8+ 32. Bf7 Qf3+ 33. Kg1
Qe3+ 34. Kg2 Bf3+ 35. Kh2 Qf2+ 0-1

[Event "GBR-ch 91st"]
[Site "Scarborough"]
[Date "2004.08.13"]
[Round "11.30"]
[White "Hempson, Peter"]
[Black "Smith, Graham"]
[Result "1-0"]
[WhiteElo "2172"]
[BlackElo "2157"]
[PlyCount "105"]
[EventDate "2004.08.02"]
[EventType "swiss"]
[EventRounds "11"]
[EventCountry "GBR"]

1. d4 d6 2. c4 e5 3. dxe5 dxe5 4. Qxd8+ Kxd8 5. Nc3 c6 6. Nf3 f6 7. e4 Be6 8.
Be2 Nd7 9. O-O a5 10. b3 Bc5 11. Rd1 Ne7 12. Na4 Ba7 13. Rd6 Bg4 14. Ba3 Kc7
15. Rad1 Rad8 16. R6d2 Nc8 17. c5 Nb8 18. h3 Rxd2 19. Rxd2 Be6 20. Kf1 Rd8 21.
Ke1 Rxd2 22. Nxd2 b5 23. cxb6+ Nxb6 24. Nxb6 Bxb6 25. Bc4 Kd7 26. Ke2 Bd4 27.
f3 Bc3 28. Kd3 Bb4 29. Bc1 Bxc4+ 30. Nxc4 Na6 31. Be3 Be1 32. Bb6 a4 33. bxa4
c5 34. a3 Kc6 35. Ba5 Bf2 36. Bd2 Nc7 37. Na5+ Kb6 38. Nc4+ Kc6 39. Ne3 Ne6 40.
Nd5 Bd4 41. Bc1 Nd8 42. Kc4 Nb7 43. Ne7+ Kd7 44. Nf5 g6 45. Nxd4 exd4 46. Kb5
g5 47. a5 c4 48. a6 Nd6+ 49. Kc5 Kc7 50. Kxd4 Kb8 51. Kd5 Nf7 52. Kxc4 Ne5+ 53.
Kd5 1-0

[Event "GBR-ch 91st"]
[Site "Scarborough"]
[Date "2004.08.13"]
[Round "11.31"]
[White "Bryant, Richard"]
[Black "Almond, Philip"]
[Result "0-1"]
[WhiteElo "1872"]
[BlackElo "2131"]
[PlyCount "124"]
[EventDate "2004.08.02"]
[EventType "swiss"]
[EventRounds "11"]
[EventCountry "GBR"]

1. e4 c5 2. Nc3 Nc6 3. g3 g6 4. Bg2 Bg7 5. d3 d6 6. Be3 Nf6 7. Qd2 Ng4 8. Nf3
Nxe3 9. fxe3 e6 10. O-O Qe7 11. d4 O-O 12. Nd1 Bd7 13. c3 Rfd8 14. Nf2 b5 15.
Nd3 e5 16. d5 Nb8 17. Nf2 Rf8 18. g4 h6 19. Kh1 Be8 20. Rg1 f6 21. Qe2 Qb7 22.
Nd2 Nd7 23. h4 a5 24. Nf1 Bf7 25. Ng3 Qb6 26. h5 g5 27. Nf5 Rfb8 28. Nd1 Bf8
29. Qf3 Qd8 30. a4 bxa4 31. Rxa4 Nb6 32. Ra2 a4 33. Bf1 c4 34. Be2 Rb7 35. Nf2
Be8 36. Ng3 Be7 37. Rf1 Bf8 38. Nh3 Bg7 39. Rf2 Rba7 40. Bd1 a3 41. b3 cxb3 42.
Bxb3 Rc8 43. Ne2 Bb5 44. Nhg1 Qd7 45. Rf1 Bc4 46. Rb1 Bxb3 47. Rxb3 Nc4 48. Nc1
Raa8 49. Qe2 Qa7 50. Nd3 Qxe3 51. Qxe3 Nxe3 52. Nf2 Nc4 53. Nf3 Rcb8 54. Rb4
Rxb4 55. cxb4 Bf8 56. Kg1 Be7 57. Kf1 Bd8 58. Ke2 Bb6 59. Nd1 Ra4 60. b5 Rb4
61. Nc3 Rb3 62. Kd3 Ba5 0-1